| 000 | 01489nam0a2200325 4500 | ||
|---|---|---|---|
| 001 | RU\NLR\bibl\1222898 | ||
| 005 | 20260405160344.0 | ||
| 010 |
_a5-98118-095-1 _91000 |
||
| 021 |
_aRU _b2008-17280 _9943 |
||
| 035 | _a(NLR Aleph) 001209233 | ||
| 090 |
_a67507 _c67507 |
||
| 100 | _a20080506d2006 |||y0rusy50 ca | ||
| 101 | 0 | _arus | |
| 102 | _aRU | ||
| 105 | _ay ||||||||| | ||
| 200 | 1 |
_aБюджетирование и экономический контроль финансовых результатов сельскохозяйственных организаций: методология _eмонография _fБ.Т. Жарылгасова |
|
| 210 |
_aМосква _cКаталог _d2006 |
||
| 215 |
_a105 с. _d21 |
||
| 320 | _aБиблиогр.: с. 94-96 (28 назв.) | ||
| 606 | 1 |
_aСельскохозяйственные предприятия _xБюджетирование _yРоссийская Федерация _92460654 _3RU\NLR\auth\661462149 |
|
| 606 | 1 |
_aСельскохозяйственные предприятия _xФинансовый контроль _91606714 _3RU\NLR\auth\661006034 |
|
| 686 | _aУ32(2)-93(2Р) | ||
| 686 | _aУ26(2)19 | ||
| 700 | 1 |
_4070 _8rus _7ca _aЖарылгасова _bБ. Т. _cд-р экон. наук _gБотагоз Толебаевна _3RU\NLR\AUTH\7767009 _949937 |
|
| 801 | 0 |
_aRU _bNLR _c20080506 _gRCR |
|
| 801 | 1 |
_aRU _bNLR _c20080506 |
|
| 830 | _aАвт. по ГАК | ||
| 942 | _cBOOK | ||
| 980 | _aNB | ||